Länder Asiens nach Buchstaben K-L - Statistiken

Allgemein
  • Dieses Quiz wurde 105 mal gespielt
  • Das Durchschnittsergebnis liegt bei 6 aus 7
Antwortstatistiken
- Land % Korrekt
K Kasachstan
94%
L Laos
93%
K Kambodscha
90%
K Katar
77%
K Kirgisistan
77%
L Libanon
76%
K Kuwait
71%
Keine übereinstimmenden Quizze gefunden
Verteilung der Resultate
Anzahl Personen mit jedem Resultat
Perzentil nach korrekt beantworteten Fragen
Ihre Resultats-Entwicklung
Sie haben dieses Quiz noch nicht gespielt